000 01100cam a2200301 a 4500
001 000013016
005 20240521134623.0
008 030331s2002 mx b i001 0 spa d
020 _a9682324025
040 _aDO-SdBNP
_bspa
_cUBP
_dNDD
_dBNPHU
082 _a333.716
_bL488s, 2002
100 1 _aLeff, Enrique.
_930026
245 1 0 _aSaber ambiental :
_bsustentabilidad, racionalidad, conplejidad, poder /
_cEnrique Leff.
246 3 3 _aSustentabilidad, racionalidad, complejidad, poder
250 _a3a ed. corregida y aumentada
260 _aMéxico :
_bPNUMA :
_bSiglo Veintiuno,
_c2002.
300 _a414 p. ;
_c21 cm.
490 1 _aAmbiente y democracia
504 _aIncluye referencias bibliográficas (p. 401-414).
650 4 _aEcología
_xAspectos económicos
_930027
650 4 _aDesarrollo sostenible
_9901
650 0 _aPolítica ambiental
_97280
650 4 _aDesarrollo económico
_xAspectos ambientales
_930028
710 2 _aNaciones Unidas para el Medio Ambiente
_930029
830 0 _aAmbiente y democracia.
_930030
910 _aCatalogación por copia / LC
049 _aBNGR
999 _c12663
_d12663